• 首页
  • 本馆介绍
  • 公告通知
  • 最新文献
  • 馆藏检索
  • 电子资源
  • 读者导购
  • 参考咨询
  • 我的图书馆
  • 登录
  • 详细信息显示
  • 放入我的书架
  • 预约/预借图书
  • 作者相关作品
  • 分类相关作品
  • 丛书相关作品
  • 出版社相关作品

书目信息

  • 表格格式
  • 工作单格式
  • 卡片格式
题名:
电影歌曲选
    
 
作者: ;中国电影出版社 编
分册: 16  
出版信息: 北京   中国电影出版社  1982
页数: 48页
开本: 20cm
丛书名:
单 册:
中图分类: J642.43
科图分类:
主题词: 音乐--作品--中国
电子资源:
ISBN:
000 00558nam0 2200181 45
001 0312221749
005 20060515163239.14
010    @dCNY0.15
100    @a20031222d1982 km y0chiy0120 ea
101    @achi
200 1  @a电影歌曲选@ADian Ying Ge Qu Xuan@h16@f中国电影出版社编@Fzhong guo dian ying chu ban she bian
210    @a北京@c中国电影出版社@d1982
215    @a48页@d20cm
606 0  @a音乐@x作品@x中国
690    @aJ642.43@v3
711  0 @a中国电影出版社@Azhong guo dian ying chu ban she@4编
801    @aCN@bTSTCL@c20060515
905    @a213230@dJ642.43@e16/82
    
    电影歌曲选.16/中国电影出版社编.-北京:中国电影出版社,1982
    48页;20cm
    
    
    ISBN :CNY0.15
    
●
相关链接 在E读中查询图书 在五车中查询图书 在当当中查询图书 在豆瓣中查询图书


正题名:电影歌曲选     索取号:J642.43/16/82         预约/预借

序号 登录号 条形码 馆藏地/架位号 状态 备注
1 0107485   202257896   密集书库/ [索取号:J642.43/16/82] 在馆    
2 0107487   202340911   密集书库/ [索取号:J642.43/16/82] 在馆    
3 0107488   202308760   密集书库/ [索取号:J642.43/16/82] 在馆    
4 0107489   202308564   密集书库/ [索取号:J642.43/16/82] 在馆    
唐山师范学院图书馆 欢迎您!
大连网信软件有限公司© 版权所有